Pokémon with Regional Forms - Statistics

General Stats
  • This quiz has been taken 137 times
    108 since last reset
  • The average score is 54 of 64
Answer Stats
No. Type Pokémon % Correct
#020 Dark/Normal Alolan {Raticate}
100%
#019 Dark/Normal Alolan {Rattata}
100%
#026 Electric/Psychic Alolan {Raichu}
98%
#038 Ice/Fairy Alolan {Ninetales}
97%
#027 Ice/Steel Alolan {Sandshrew}
97%
#028 Ice/Steel Alolan {Sandslash}
97%
#037 Ice Alolan {Vulpix}
97%
#103 Grass/Dragon Alolan {Exeggutor}
95%
#052 Dark Alolan {Meowth}
95%
#052 Steel Galarian {Meowth}
95%
#053 Dark Alolan {Persian}
92%
#059 Fire/Rock Hisuian {Arcanine}
92%
#101 Electric/Grass Hisuian {Electrode}
92%
#100 Electric/Grass Hisuian {Voltorb}
92%
#074 Rock/Electric Alolan {Geodude}
90%
#076 Rock/Electric Alolan {Golem}
90%
#075 Rock/Electric Alolan {Graveler}
90%
#105 Fire/Ghost Alolan {Marowak}
90%
#122 Ice/Psychic Galarian {Mr. Mime}
90%
#058 Fire/Rock Hisuian {Growlithe}
90%
#050 Ground/Steel Alolan {Diglett}
89%
#051 Ground/Steel Alolan {Dugtrio}
89%
#088 Poison/Dark Alolan {Grimer}
89%
#089 Poison/Dark Alolan {Muk}
89%
#146 Dark/Flying Galarian {Moltres}
89%
#128 Fighting/Various Paldean {Tauros}
89%
#194 Poison/Ground Paldean {Wooper}
89%
#144 Psychic/Flying Galarian {Articuno}
87%
#077 Psychic Galarian {Ponyta}
87%
#078 Psychic/Fairy Galarian {Rapidash}
87%
#145 Fighting/Flying Galarian {Zapdos}
87%
#555 Ice or Ice/Fire Galarian {Darmanitan}
86%
#080 Poison/Psychic Galarian {Slowbro}
86%
#079 Psychic Galarian {Slowpoke}
86%
#110 Poison/Fairy Galarian {Weezing}
86%
#724 Grass/Fighting Hisuian {Decidueye}
86%
#571 Normal/Ghost Hisuian {Zoroark}
86%
#570 Normal/Ghost Hisuian {Zorua}
86%
#083 Fighting Galarian {Farfetch'd}
84%
#562 Ground/Ghost Galarian {Yamask}
84%
#628 Psychic/Flying Hisuian {Braviary}
84%
#215 Fighting/Poison Hisuian {Sneasel}
84%
#157 Fire/Ghost Hisuian {Typhlosion}
84%
#554 Ice Galarian {Darumaka}
83%
#199 Poison/Psychic Galarian {Slowking}
83%
#713 Ice/Rock Hisuian {Avalugg}
83%
#211 Dark/Poison Hisuian {Qwilfish}
83%
#503 Water/Dark Hisuian {Samurott}
79%
#263 Dark/Normal Galarian {Zigzagoon}
78%
#706 Steel/Dragon Hisuian {Goodra}
78%
#264 Dark/Normal Galarian {Linoone}
76%
#549 Grass/Fighting Hisuian {Lilligant}
76%
#705 Steel/Dragon Hisuian {Sliggoo}
76%
#222 Ghost Galarian {Corsola}
75%
#1009 Poison/Ground Clodsire
71%
#865 Fighting Sirfetch'd
70%
#618 Ground/Steel Galarian {Stunfisk}
68%
#862 Dark/Normal Obstagoon
68%
#904 Dark/Poison Overqwil
68%
#867 Ground/Ghost Runerigus
68%
#866 Ice/Psychic Mr. Rime
67%
#903 Fighting/Poison Sneasler
67%
#863 Steel Perrserker
63%
#864 Ghost Cursola
62%
No matching quizzes found
Score Distribution
Percent of People with Each Score
Percentile by Number Answered
Your Score History
You have not taken this quiz since the last reset